Vegetative anatomy of plants /

Bibliographic Details
Main Author: Burstrom, H. G.
Other Authors: Odhnoff, Camilla
Format: Book
Language:English
Published: [Stockholm] : Bonniers, [1964]
Series:Scandinavian university books
Subjects:

MARC

Tag First Indicator Second Indicator Subfields
LEADER 00000cam a2200000 i 4500
001 in00000045599
005 20151007073151.0
008 760707c19641963sw a 00110 eng
010 |a  76351347  
035 |a (OCoLC)02347393 
035 |9 AAE9251AM 
040 |a DLC  |c DLC  |d TXA  |d UtOrBLW 
049 |a TXAM  |c [469567] 
050 0 0 |a QK641  |b .B87 1964 
082 0 |a 581.4 
092 |a 581.4  |b B972v, 1964 
100 1 |a Burstrom, H. G. 
245 1 0 |a Vegetative anatomy of plants /  |c [by] H. G. Burstrom and Camilla Odhnoff. 
264 1 |a [Stockholm] :  |b Bonniers,  |c [1964] 
264 4 |c [©1963] 
300 |a 148 pages :  |b illustrations 
336 |a text  |b txt  |2 rdacontent 
337 |a unmediated  |b n  |2 rdamedia 
338 |a volume  |b nc  |2 rdacarrier 
490 0 |a Scandinavian university books 
650 0 |a Plant anatomy. 
700 1 |a Odhnoff, Camilla. 
999 |a MARS 
999 f f |s 0bb97a76-cfb3-342e-a855-99a075b961eb  |i 443124b0-11f4-3655-81b4-e5697c2100a4  |t 0 
952 f f |p ric  |a Texas A&M University  |b Rellis Campus  |c Joint Library Facility  |d Remote Storage  |t 0  |e QK641 .B87 1964  |h Library of Congress classification  |i unmediated -- volume  |m A14800989926 
998 f f |a QK641 .B87 1964  |t 0  |l Remote Storage